logo

Bir Sreshtho Munshi Abdur Rouf Library
Jhenaidah Cadet College

The Harrap Spelling Books for Tropical Schools 3 / (Record no. 6244)

MARC details
000 -LEADER
fixed length control field 00647nam a2200229 a 4500
001 - CONTROL NUMBER
JCCL Control Number 6244
003 - CONTROL NUMBER IDENTIFIER
JCCL marc code BD-JhCC
005 - DATE AND TIME OF LATEST TRANSACTION
control field 20180117181213.0
008 - FIXED-LENGTH DATA ELEMENTS--GENERAL INFORMATION
fixed length control field 180117s1963 e |||| || | 000 0 eng d
035 ## - SYSTEM CONTROL NUMBER
system control number (BD-JhCC)6244
040 ## - CATALOGING SOURCE
Original cataloging agency BD-JhCC
Modifying agency BD-JhCC
041 ## - LANGUAGE CODE
Language code of Book eng
082 ## - DEWEY DECIMAL CLASSIFICATION NUMBER
Classification number 428.1
Author mark and Year AND 1963
100 ## - MAIN ENTRY--PERSONAL NAME
Personal name Anderson, Kenneth
245 ## - TITLE STATEMENT
Title The Harrap Spelling Books for Tropical Schools 3 /
Statement of responsibility, etc Kenneth Anderson and Henry William Howes,
260 ## - PUBLICATION, DISTRIBUTION, ETC. (IMPRINT)
Place of publication, distribution, etc London :
Name of publisher, distributor, etc George G. Harrap & Co. Ltd,
Date of publication, distribution, etc 1963
300 ## - PHYSICAL DESCRIPTION
Pagination 47 p. :
Dimensions 20 cm.
650 ## - SUBJECT ADDED ENTRY--TOPICAL TERM
Topical term or geographic name as entry element Readers (Elementary)
700 ## - ADDED ENTRY--PERSONAL NAME
Personal name Howes, Henry William
942 ## - ADDED ENTRY ELEMENTS (KOHA)
Source of classification or shelving scheme Dewey Decimal Classification
Koha item type Books
Holdings
Source of classification or shelving scheme Damaged status Not for loan Home library Current library Shelving location Total Checkouts Full call number Barcode Date last seen Copy number Koha item type
Dewey Decimal Classification     JCC Rouf Library JCC Rouf Library General Stacks   428.1 AND 1963 7894 01/17/2018 C - 1 Books

JCC Library | Contacts | JCC Home

Last Update on 23 September 2017
Copyright @ 2017-2020 JCC Rouf Library
Rouf Library, Jhenidah Cadet College (JCC), Bangladesh